Research on Parallelization of KNN Locally Weighted Linear Regression Algorithm Based on MapReduce (Record no. 307100)
[ view plain ]
| 000 -LEADER | |
|---|---|
| fixed length control field | 00532nam a2200157Ia 4500 |
| 008 - FIXED-LENGTH DATA ELEMENTS--GENERAL INFORMATION | |
| fixed length control field | 170221s9999 xx 000 0 und d |
| 100 ## - MAIN ENTRY--PERSONAL NAME | |
| Personal name | Tao Xue |
| 245 ## - TITLE STATEMENT | |
| Title | Research on Parallelization of KNN Locally Weighted Linear Regression Algorithm Based on MapReduce |
| 245 ## - TITLE STATEMENT | |
| Statement of responsibility, etc | Tao Xue, Ting-Ting Li, and Bingshuai Sun |
| 260 ## - PUBLICATION, DISTRIBUTION, ETC. (IMPRINT) | |
| Name of publisher, distributor, etc | Journal of Communications |
| 260 ## - PUBLICATION, DISTRIBUTION, ETC. (IMPRINT) | |
| Date of publication, distribution, etc | 2015 |
| 300 ## - PHYSICAL DESCRIPTION | |
| Extent | 10 : 11 |
| 650 ## - SUBJECT ADDED ENTRY--TOPICAL TERM | |
| General subdivision | Communication |
| 650 ## - SUBJECT ADDED ENTRY--TOPICAL TERM | |
| General subdivision | Media Arts |
| 856 ## - ELECTRONIC LOCATION AND ACCESS | |
| Uniform Resource Identifier | <a href="http://www.jocm.us/index.php?m=content&c=index&a=lists&catid=153">http://www.jocm.us/index.php?m=content&c=index&a=lists&catid=153</a> |
| Withdrawn status | Lost status | Damaged status | Home library | Current library | Date acquired | Total Checkouts | Date last seen | Price effective from | Koha item type |
|---|---|---|---|---|---|---|---|---|---|
| College Library | College Library | 02/21/2017 | 02/21/2017 | 02/21/2017 | Foreign e-journal articles |